Управление организацией в условиях кризиса; Актуальные проблемы гуманитарных наук

Bibliografiset tiedot
Parent link:Актуальные проблемы гуманитарных наук.— 2010.— С. 290-291
Päätekijä: Строгалова Э. В.
Kieli:venäjä
Julkaistu: 2010
Aiheet:
Aineistotyyppi: Kirjan osa
KOHA link:https://koha.lib.tpu.ru/cgi-bin/koha/opac-detail.pl?biblionumber=193590

MARC

LEADER 00000naa2a2200000 4500
001 193590
005 20231031182009.0
035 |a (RuTPU)RU\TPU\book\211134 
090 |a 193590 
100 |a 20110324d2010 k y0rusy50 ca 
101 0 |a rus 
102 |a RU 
200 1 |a Управление организацией в условиях кризиса  |f Э. В. Строгалова 
320 |a Библиогр.: 5 назв. 
463 0 |0 (RuTPU)RU\TPU\book\205127  |y 978-5-98298-643-6  |t Актуальные проблемы гуманитарных наук  |o сборник трудов IX Международной научно-практической конференции студентов, аспирантов и молодых ученых, 22-23 апреля 2010 г., Томск  |f Национальный исследовательский Томский политехнический университет (ТПУ)  |v С. 290-291  |d 2010  |p 564 с. 
610 1 |a управление 
610 1 |a кризисы 
610 1 |a организации 
610 1 |a руководители 
610 1 |a труды учёных ТПУ 
700 1 |a Строгалова  |b Э. В. 
801 1 |a RU  |b 63413507  |c 20110324 
942 |c BK